[Event "Santo Domingo Independencia op 8th"]
[Site "Santo Domingo"]
[Date "2019.02.16"]
[Round "2"]
[White "Arias Diaz, Ernesto Antonio"]
[Black "Andujar Diaz, Pablo"]
[Result "1-0"]
[WhiteElo "1922"]
[BlackElo "1541"]
[PlyCount "57"]
[EventDate "2019.02.15"]
[EventType "swiss"]
[EventRounds "8"]
[EventCountry "DOM"]
[SourceTitle "CBM 189 Extra"]
[Source "ChessBase"]
[SourceDate "2019.06.03"]
[SourceVersion "1"]
[SourceVersionDate "2019.06.03"]
[SourceQuality "1"]

1. e4 e6 2. Nc3 c5 3. g3 Nc6 4. Bg2 Nge7 5. Nge2 g6 6. d3 Qc7 7. Be3 b6 8. Qd2 Bg7 9. f4 Bb7 10. e5 Nb4 11. Nb5 Qd8 12. Nd6+ Kf8 13. Nxb7 Qc7 14. Nd6 Ned5 15. Bf2 Rd8 16. Nc3 Bh6 17. a3 Nc6 18. Nxd5 exd5 19. Bxd5 Nxe5 20. Nc4 Re8 21. 0-0 b5 22. Nxe5 Rxe5 23. Qc3 Bg7 24. fxe5 Bxe5 25. Bxc5+ d6 26. Qxe5 Qxc5+ 27. d4 dxe5 28. Rxf7+ Ke8 29. dxc5 1-0